Production and operations management : written strictly according to latest syllabus of BBM course of Bangalore University, for IV sem (Record no. 201724)

MARC details
000 -LEADER
fixed length control field 00565nam a2200157Ia 4500
008 - FIXED-LENGTH DATA ELEMENTS--GENERAL INFORMATION
fixed length control field 231221s9999 xx 000 0 und d
020 ## - INTERNATIONAL STANDARD BOOK NUMBER
International Standard Book Number 81-272-2524-X
041 ## - LANGUAGE CODE
Language code of text/sound track or separate title English
082 ## - DEWEY DECIMAL CLASSIFICATION NUMBER
Classification number 658.5 SON;1 R
100 ## - MAIN ENTRY--PERSONAL NAME
Personal name Sontakki, C N
245 #0 - TITLE STATEMENT
Title Production and operations management : written strictly according to latest syllabus of BBM course of Bangalore University, for IV sem
260 ## - PUBLICATION, DISTRIBUTION, ETC.
Date of publication, distribution, etc. 2006
Name of publisher, distributor, etc. Kalyani
Place of publication, distribution, etc. Ludhiana
300 ## - PHYSICAL DESCRIPTION
Extent 357
650 ## - SUBJECT ADDED ENTRY--TOPICAL TERM
Topical term or geographic name entry element Production,operations,management:,written,strictly,according,BBM,course,University,,semester
942 ## - ADDED ENTRY ELEMENTS (KOHA)
Koha item type Business Management Library
Holdings
Date last seen Total checkouts Full call number Accession number Cost, total (INR) price Price effective from Category Lost status Damaged status Department Withdrawn status Home library Current library Shelving location Entry date Vendor Cost, normal purchase price Grants Billnumber Billdate Currency symbol Conversion rate Discount Old discount
26/01/2024   658.5 SON;1 R BM499 112.50 26/01/2024 Business Management Library         Central Library Central Library Central Library   Surya Infotainment Products Pvt. Ltd. 125.00 BM 0506/2426 23/07/2009 RS 1 12.5 10

© For any Suggestions or Query, please contact the library staff @ librarian@pes.edu or Phone: +9180 2672 1983/ 2108.